01046nam a2200265 a 4500001001300000003000900013005001700022008004100039020001800080040002800098041000800126082001900134100001500153245013600168250005100304260005500355300002900410504005600439534008700495650004700582650004800629700003200677700003600709700003500745C01462923c-5CO-ViMGA20230915234538.0141229s2012 ilu gr 000 0 spa d a9781414367415 aCO-ViMGAbspacCO-ViMGA1 heng04a616.994 bE41e1 aEib, Lynn.13aUn encuentro entre Dios y el cáncer : bhistorias verídicas de esperanza y sanidad / cLynn Eib ; traducción Raquel Monsalve. aEdición Lisa A. Jackson, Mafalda E. Novella. aCarol Stream : bTyndale House Publishers, c2012. a189 páginas ; c21 cm. aIncluye referencias bibliográficas (página 189) pTítulo original : tWhen God and cancer meet : true stories of hope and healing.14aCáncerx Cuidadosx Aspectos religiosos.14aEnfermos de cáncerx Aspectos religiosos.1 aJackson, Lisa A, eeditora.1 aMonsalve, Raquel, etraductora.1 aNovella, Mafalda E, eeditora.